| 000 | 00355nam a2200121 a 4500 | ||
|---|---|---|---|
| 005 | 20140414131849.0 | ||
| 008 | 100727s19uu xx 00 eng d | ||
| 050 |
_aM 352.9 _bSh1 2005 |
||
| 100 | _aShank, Marcia | ||
| 245 |
_aCreate a city : _bGeography, english, civics and citizenship. |
||
| 260 |
_aAustralia : _bHawker Brownlow, _c2005. |
||
| 999 |
_c110081 _d110081 |
||